000 01003nam a22003137i 4500
003 EG-GICUC
005 20260205103828.0
008 260205s1890 fr ||||fr|||| 000 0 fre d
040 _aEG-GiCUC
_bfre
_cEG-GiCUC
_dEG-GiCUC
_eRda
082 0 4 _221
_a341.81
_bCO . D
092 0 4 _221
099 _aLaw1 12 341.81 CO . D 1890
100 1 _aCogordan, M. George
_eAuteur
245 1 0 _aDroit Des Gens La Nationalité :
_bAu Point De Vue Des Rapports Internationaux /
_cM. George Cogordan.
_n
250 _aDeuxième Édition
264 1 _aparis :
_bL. Larose Et Forcel,
_c1890.
300 _a575page :
_billustration ;
_c 24 cm.
336 _2rda contenu
_a texte
337 _2rda medias
_aOrdinateur
338 _2 transporteur rda
_a Ressource en ligne
500 _a
504 _a
546 _aTexte en français
650 1 4 _aDroit international privé
_2
651 1 _2
856 4 0 _uhttps://fll.law.cu.edu.eg/fulltext/bks/B12-02369.pdf
905 _a50
942 _2ddc
_cBK
_e21
_n0
999 _c61190
_d61190